Los Desafíos al sistema de protección social derivados de la postmodernización de la familia /

محفوظ في:
التفاصيل البيبلوغرافية
المؤلف الرئيسي: Meil Landwerlin, Gerardo
التنسيق: نص
الموضوعات:
الوسوم: إضافة وسم
لا توجد وسوم, كن أول من يضع وسما على هذه التسجيلة!

MARC

LEADER 00000 a a2200000 04500
001 18917
003
040
100 |a Meil Landwerlin, Gerardo  
245 |a Los Desafíos al sistema de protección social derivados de la postmodernización de la familia /  |c Gerardo Meil Landwerlin 
650 |a SEGURIDAD SOCIAL  
650 |a SUBSIDIOS FAMILIARES  
650 |a SUBSIDIOS DE MATERNIDAD  
650 |a CAMBIO SOCIAL  
650 |a TASA DE NATALIDAD  
650 |a ENVEJECIMIENTO DE LA POBLACION  
650 |a ESTRUCTURA DE LA FAMILIA  
773 |g número 13; páginas 27-56  
999 |c 33796  |d 33796